<?xml version="1.0" encoding="UTF-8"?>
<record
    xmlns:xsi="http://www.w3.org/2001/XMLSchema-instance"
    xsi:schemaLocation="http://www.loc.gov/MARC21/slim http://www.loc.gov/standards/marcxml/schema/MARC21slim.xsd"
    xmlns="http://www.loc.gov/MARC21/slim">

  <leader>00445    a2200145   4500</leader>
  <datafield tag="041" ind1=" " ind2=" ">
    <subfield code="a">Eng.</subfield>
  </datafield>
  <datafield tag="082" ind1=" " ind2=" ">
    <subfield code="a">CD5124</subfield>
  </datafield>
  <datafield tag="100" ind1=" " ind2=" ">
    <subfield code="a">Rajbhandary, Sangeeta</subfield>
    <subfield code="9">26766</subfield>
  </datafield>
  <datafield tag="245" ind1=" " ind2=" ">
    <subfield code="a">Systematic revision of the genue begonia L.(Bagonizccae) in the Himalayas</subfield>
  </datafield>
  <datafield tag="260" ind1=" " ind2=" ">
    <subfield code="a">Ktm</subfield>
    <subfield code="b">NP</subfield>
    <subfield code="c">2010</subfield>
  </datafield>
  <datafield tag="502" ind1=" " ind2=" ">
    <subfield code="a">Dissertation</subfield>
    <subfield code="b">Botany</subfield>
    <subfield code="c">T. u.</subfield>
  </datafield>
  <datafield tag="650" ind1=" " ind2=" ">
    <subfield code="a">Ecology</subfield>
    <subfield code="a">Geology</subfield>
    <subfield code="a">Morphological characters</subfield>
    <subfield code="a">Reproductive structure</subfield>
    <subfield code="9">26767</subfield>
  </datafield>
  <datafield tag="653" ind1=" " ind2=" ">
    <subfield code="a">Botany</subfield>
  </datafield>
  <datafield tag="942" ind1=" " ind2=" ">
    <subfield code="2">ddc</subfield>
    <subfield code="c">VM</subfield>
  </datafield>
  <datafield tag="999" ind1=" " ind2=" ">
    <subfield code="c">62620</subfield>
    <subfield code="d">62608</subfield>
  </datafield>
  <datafield tag="952" ind1=" " ind2=" ">
    <subfield code="0">0</subfield>
    <subfield code="1">0</subfield>
    <subfield code="2">ddc</subfield>
    <subfield code="4">0</subfield>
    <subfield code="7">0</subfield>
    <subfield code="a">TUCL</subfield>
    <subfield code="b">TUCL</subfield>
    <subfield code="d">2014-07-21</subfield>
    <subfield code="l">0</subfield>
    <subfield code="o">CD5124</subfield>
    <subfield code="p">A4772</subfield>
    <subfield code="r">2014-07-21 00:00:00</subfield>
    <subfield code="w">2014-07-21</subfield>
    <subfield code="y">VM</subfield>
  </datafield>
</record>
